000 00531nam a2200181 i 4500
001 129546
003 ES-MaACL
005 20230906193525.0
007 t|
008 070626s1956 sp ||||1| spa d
080 _a82-311.2"19"
100 1 _aThompson, Morton.
_9110098
245 1 0 _aNo serás un extraño /
_cpor Morton Thompson ; [traducción de Baldomero Porta].
260 _aBarcelona :
_bBruguera,
_c[1956]
300 _a844 p. ;
_c22 cm.
700 1 _aPorta, Baldomero.
_993173
852 _aES-MaACL
_jC-10299
_bR.38164
999 _c129546
_d129546